الحياة و علم البيئة : العلاقات بين الأحياء - علم البيئة و الأوساط الكبيرة في الحياة- التطور / (رقم التسجيلة. 109132)
[ عرض عادي ]
| 000 -LEADER | |
|---|---|
| fixed length control field | 00889nam a22002537a 4500 |
| 005 - DATE AND TIME OF LATEST TRANSACTION | |
| control field | 20251108173643.0 |
| 008 - FIXED-LENGTH DATA ELEMENTS--GENERAL INFORMATION | |
| fixed length control field | 250721s2006 xx 000 0 ara d |
| 020 ## - INTERNATIONAL STANDARD BOOK NUMBER | |
| International Standard Book Number | 9953280770 |
| 082 14 - DEWEY DECIMAL CLASSIFICATION NUMBER | |
| Classification number | ط/574.5/مان |
| 100 1# - MAIN ENTRY--PERSONAL NAME | |
| Personal name | مانيان، جيرالدين |
| Relator term | مؤلف |
| 245 10 - TITLE STATEMENT | |
| Title | الحياة و علم البيئة : العلاقات بين الأحياء - علم البيئة و الأوساط الكبيرة في الحياة- التطور / |
| 264 1# - PRODUCTION, PUBLICATION, DISTRIBUTION, MANUFACTURE, AND COPYRIGHT NOTICE | |
| Place of production, publication, distribution, manufacture | بيروت : |
| Name of producer, publisher, distributor, manufacturer | عويدات، |
| Date of production, publication, distribution, manufacture, or copyright notice | 2006. |
| 300 ## - PHYSICAL DESCRIPTION | |
| Extent | 63ص. |
| 490 0# - SERIES STATEMENT | |
| Series statement | بيئتنا |
| 490 0# - SERIES STATEMENT | |
| Series statement | LAROUSSE |
| 650 17 - SUBJECT ADDED ENTRY--TOPICAL TERM | |
| Topical term or geographic name as entry element | علم البيئة |
| 650 17 - SUBJECT ADDED ENTRY--TOPICAL TERM | |
| Topical term or geographic name as entry element | التطور |
| 650 17 - SUBJECT ADDED ENTRY--TOPICAL TERM | |
| Topical term or geographic name as entry element | الجغرافية الحيوية |
| 653 ## - INDEX TERM--UNCONTROLLED | |
| Uncontrolled term | ناشئون صغار (10-14)سنة |
| 700 1# - ADDED ENTRY--PERSONAL NAME | |
| Personal name | القاضي، جورج |
| Relator term | مترجم |
| 700 1# - ADDED ENTRY--PERSONAL NAME | |
| Personal name | عبد العال، ميسر |
| Relator term | مشرف |
| 942 ## - ADDED ENTRY ELEMENTS (KOHA) | |
| Source of classification or shelving scheme | Dewey Decimal Classification |
| Koha item type | كتب |
| حالة السحب | حالة الفقدان | مصدر التصنيف | حالة التلف | غير قابل للإعارة | المكتبة الرئيسية | المكتبة الحالية | موقع الرف | تاريخ التزويد | الرقم المتسلسل | Total Checkouts | رقم الإستدعاء | الباركود | تاريخ آخر ظهور | تاريخ الفاتورة | نوع المادة (كوها) |
|---|---|---|---|---|---|---|---|---|---|---|---|---|---|---|---|
| Dewey Decimal Classification | المكتبة المركزية | المكتبة المركزية | الأطفال | 29/01/2012 | 1508262 | ط/574.5/مان | PLD00238088 | 28/07/2025 | 29/01/2012 | كتب |